All Pagani models ever - Statistics

General Stats
  • This quiz has been taken 64 times
  • The average score is 8 of 17
Answer Stats
Answer % Correct
Huayra
100%
Zonda R
92%
Huayra R
84%
Utopia
73%
Huayra BC
71%
Zonda F
61%
Huayra Roadster
49%
Zonda Cinque
49%
Zonda S
43%
Zonda C12
41%
Zonda Cinque Roadster
24%
Zonda F Roadster
24%
Zonda Revolución
24%
Zonda Tricolore
22%
Huayra Roadster BC
20%
Zonda S Roadster
18%
Zonda C12-S
14%
No matching quizzes found
Score Distribution
Percent of People with Each Score
Percentile by Number Answered
Your Score History
You have not taken this quiz